| 000 | 00514nam a22002057a 4500 | ||
|---|---|---|---|
| 003 | UA-OsUOA | ||
| 001 | 84333 | ||
| 007 | ta | ||
| 008 | 20120530b un ||||| |||| 00| 0 ukr d | ||
| 090 |
_a94 _bZ-12 |
||
| 942 | _cMG | ||
| 040 |
_aUA-OsUOA _bpol _cUA-OsUOA _dUA-OsUOA |
||
| 245 | _aZaglada zydow polskich w czasie II wojny swiatowej | ||
| 955 | _a1 | ||
| 041 | _apol | ||
| 080 | _a94 | ||
| 246 | 3 | 1 |
_aTeki edukacyjne IPN _n |
| 044 | _aPL | ||
| 650 | 7 |
_a9 Географія. Біографії. Історія _2UDC |
|
| 999 |
_c370653 _d370653 |
||